[Event "AUTO-INT-2019"]
[Site "http://www.queenalice.com/game.php?id=931699"]
[Date "2011.4.28"]
[Round "1"]
[White "fredofm"]
[Black "C11"]
[Result "0-1"]
[WhiteElo "1304"]
[BlackElo "1592"]

1. d4 d5 2. Nf3 Nc6 3. Nc3 Nf6 4. e4 Bg4 5. Be2 Nxe4 6. Ne5 Bxe2 7. Qxe2 Nxd4 8.
Nxf7 Kxf7 9. Nxe4 Nxe2 10. Ng5+ Ke8 11. Kxe2 e5 12. Ne6 Qe7 13. Nxc7+ Qxc7 14.
Rd1 Qxc2+ 15. Rd2 Qe4+ 16. Kf1 Bb4 17. Re2 Qf5 18. a3 Bc5 19. f3 e4 20. Ke1 Kd7
21. fxe4 dxe4 22. Rd2+ Kc7 23. b4 Be3 24. Rc2+ Kd8 25. Bxe3 Rc8 26. Rd1+ Ke8 27.
Rcd2 Rf8 28. Rf2 Qh5 29. h3 Rd8 30. Rd4 Rxd4 31. Bxd4 Rxf2 32. Bxf2 Qg5 33. g3
Qc1+ 34. Ke2 Qxa3 35. Be3 Qa2+ 36. Bd2 Qc4+ 37. Ke3 Qd3+ 0-1

[Event "AUTO-INT-2019"]
[Site "http://www.queenalice.com/game.php?id=931700"]
[Date "2011.4.28"]
[Round "1"]
[White "C11"]
[Black "fredofm"]
[Result "1-0"]
[WhiteElo "1525"]
[BlackElo "1312"]

1. e4 d5 2. e5 Nc6 3. d4 f6 4. exf6 gxf6 5. Bb5 Bd7 6. Ne2 e5 7. Bxc6 Bxc6 8.
dxe5 f5 9. Nd4 Bc5 10. Nxc6 bxc6 11. Qh5+ Kd7 12. Qxf5+ Ke7 13. Bg5+ Ke8 14.
Bxd8 Rxd8 15. e6 Ne7 16. Qf7# 1-0

[Event "AUTO-INT-2019"]
[Site "http://www.queenalice.com/game.php?id=931701"]
[Date "2011.4.28"]
[Round "1"]
[White "fredofm"]
[Black "claudiocaire"]
[Result "1-0"]
[WhiteElo "1307"]
[BlackElo "1530"]

1. e4 e5 2. Nc3 c6 3. Nf3 Qf6 4. Bd3 Bc5 5. O-O d6 6. b3 Qg6 7. Nh4 Qh6 8. Nf5
Bxf5 9. exf5 Nf6 10. Bc4 b5 11. Bxf7+ Kxf7 12. d4 g5 13. dxc5 dxc5 14. Qd6 Ng4
15. Qc7+ Kg8 16. h3 Nf6 17. Qd8+ Kg7 18. Qe7+ Kg8 19. Qxc5 Nfd7 20. Qe7 Qf6 21.
Qxf6 Nxf6 22. f3 Nbd7 23. Ne4 Nd5 24. Bxg5 Kf8 25. b4 Nxb4 26. Rad1 Nb6 27. f6
Nxc2 28. Nd6 Ne3 29. Bxe3 Nd5 30. Bh6+ Kg8 31. Bg7 Rf8 32. Bxf8 Kxf8 33. g4 Ne3
34. f4 exf4 35. Rxf4 Nxd1 36. f7 Ne3 37. Re4 Nd5 38. Re8+ Kg7 39. Rxh8 Kg6 40.
f8=Q Nf6 41. Qf7+ Kg5 42. Rg8+ Nxg8 43. Qf5+ Kh6 44. Nf7+ Kg7 45. g5 Ne7 46.
Qf6+ Kf8 47. Nd6+ Kg8 48. Qxe7 c5 49. Qf7+ Kh8 50. Nf5 a5 51. Qg7# 1-0

[Event "AUTO-INT-2019"]
[Site "http://www.queenalice.com/game.php?id=931702"]
[Date "2011.4.28"]
[Round "1"]
[White "claudiocaire"]
[Black "fredofm"]
[Result "0-1"]
[WhiteElo "1584"]
[BlackElo "1276"]

1. e4 e5 2. Qh5 g6 3. Qxe5+ Qe7 4. Qxh8 Qxe4+ 5. Ne2 Qxc2 6. Qxg8 Nc6 7. a3 d6
8. Nbc3 Bf5 9. Qxh7 O-O-O 10. Qxf7 Ne5 11. Qf6 Nd3# 0-1

[Event "AUTO-INT-2036"]
[Site "http://www.queenalice.com/game.php?id=939007"]
[Date "2011.5.17"]
[Round "1"]
[White "jamba"]
[Black "fredofm"]
[Result "1-0"]
[WhiteElo "1577"]
[BlackElo "1387"]

1. d4 d6 2. e3 Nf6 3. Bd3 Bg4 4. Nf3 Bxf3 5. gxf3 e5 6. Nc3 Nc6 7. Ne2 exd4 8.
Nxd4 Nxd4 9. exd4 d5 10. Qe2+ Qe7 11. Bb5+ c6 12. Bd3 Qxe2+ 13. Bxe2 O-O-O 14.
f4 Ne4 15. Rg1 Bb4+ 16. c3 Bd6 17. Bg4+ Kb8 18. Be3 Be7 19. O-O-O g6 20. f5 g5
21. f4 h5 22. Bf3 g4 23. Bg2 Nd6 24. Rde1 Nc4 25. Bf2 Bd6 26. h3 Bxf4+ 27. Kc2
gxh3 28. Bxh3 Nd2 29. Re2 Ne4 30. Bh4 Rdg8 31. Rf1 Bg3 32. Be7 Re8 33. Bb4 b6
34. a4 h4 35. a5 bxa5 36. f6 Nxf6 37. Be7 Nh5 38. Rxf7 Nf4 39. Bd6+ Ka8 40.
Rxe8+ Rxe8 41. Bxf4 Re2+ 42. Kb3 Rf2 43. Rf8+ Kb7 44. Rb8+ Ka6 45. Bc8# 1-0

[Event "AUTO-INT-2036"]
[Site "http://www.queenalice.com/game.php?id=939008"]
[Date "2011.5.17"]
[Round "1"]
[White "fredofm"]
[Black "jamba"]
[Result "1-0"]
[WhiteElo "1329"]
[BlackElo "1605"]

1. d4 d5 2. Nf3 e6 3. Ne5 Nc6 4. Nxc6 bxc6 5. Nc3 c5 6. e3 cxd4 7. exd4 a6 8.
Qf3 Rb8 9. Qf4 Nf6 10. b3 Bd6 11. Qg5 h6 12. Qxg7 Ke7 13. Bxh6 Bb4 14. O-O-O
Bxc3 15. Bg5 Rg8 16. Qxf6+ Kd7 17. Qxf7+ Kd6 18. Bxd8 Rxd8 19. Qf4+ Kc6 20. Rd3
Bb4 21. c3 Ba3+ 22. Kc2 a5 23. Be2 a4 24. b4 Ba6 25. c4 Bxb4 26. a3 dxc4 27.
Bf3+ Kb6 28. axb4 cxd3+ 29. Kd2 a3 30. Ra1 Ka7 31. Qxc7+ Rb7 32. Bxb7 Rf8 33.
Bd5+ Bb7 34. Qxb7# 1-0

[Event "AUTO-INT-2036"]
[Site "http://www.queenalice.com/game.php?id=939023"]
[Date "2011.5.17"]
[Round "1"]
[White "ludimad"]
[Black "fredofm"]
[Result "1-0"]
[WhiteElo "1592"]
[BlackElo "1332"]

1. e3 e5 2. Nc3 Nc6 3. g3 Nf6 4. Nh3 d5 5. f4 exf4 6. Nxf4 Bb4 7. Nce2 Bg4 8. c3
Bxe2 9. Bxe2 Bd6 10. d4 O-O 11. Qb3 b6 12. Nxd5 Na5 13. Nxf6+ Qxf6 14. Qc2 Rae8
15. Bd3 Qf3 16. Bxh7+ Kh8 17. Rf1 Bxg3+ 18. hxg3 Qxg3+ 19. Rf2 Qh4 20. b3 g6 21.
Bxg6 fxg6 22. Qxg6 Qxf2+ 23. Kd1 Qf1+ 24. Kc2 Rf2+ 25. Kb1 Qe1 26. Qxe8+ Kg7 27.
Qe7+ Rf7 28. Qe5+ Kf8 29. Kc2 Qe2+ 30. Bd2 c5 31. Re1 Qh2 32. Qxh2 cxd4 33. exd4
Nc6 34. Qh8# 1-0

[Event "AUTO-INT-2036"]
[Site "http://www.queenalice.com/game.php?id=939024"]
[Date "2011.5.17"]
[Round "1"]
[White "fredofm"]
[Black "ludimad"]
[Result "0-1"]
[WhiteElo "1393"]
[BlackElo "1636"]

1. e4 c5 2. d4 cxd4 3. Qxd4 Nc6 4. Qd3 e5 5. Nc3 d6 6. Nb5 Be7 7. Nf3 Bd7 8.
Nxd6+ Bxd6 9. Qxd6 f6 10. Bb5 Qa5+ 11. c3 Qxb5 12. Bg5 Qxb2 13. O-O Qxc3 14. Bd2
Qc4 15. Bc1 O-O-O 16. Be3 Qxe4 17. Bxa7 Nxa7 18. Rac1+ Bc6 19. Qe6+ Kb8 20. Qf7
g5 21. Rce1 Qg4 22. Rb1 Qe4 23. Rfc1 Nh6 24. Qxf6 Ng4 25. Qxg5 Rhg8 26. Qe7 Rd7
27. Qe6 Rg6 28. Qe8+ Kc7 29. h3 Rd1+ 30. Rxd1 Bxe8 31. Rdc1+ Bc6 32. hxg4 Qxg4
33. Kf1 Qxg2+ 34. Ke2 Qxf3+ 35. Kd2 Rd6+ 36. Kc2 Qe3 37. Rb3 Qe4+ 38. Kb2 Kd7
39. f3 Qf4 40. Ra3 Rd2+ 41. Rc2 Nb5 42. Rb3 Nd4 43. Rxd2 Qxd2+ 44. Ka3 b5 0-1

[Event "AUTO-INT-2036"]
[Site "http://www.queenalice.com/game.php?id=939035"]
[Date "2011.5.17"]
[Round "1"]
[White "fredofm"]
[Black "cidbrito"]
[Result "0-1"]
[WhiteElo "1345"]
[BlackElo "1617"]

1. d4 d5 2. Nc3 c6 3. e3 a6 4. e4 f6 5. Bf4 Be6 6. Bxb8 Qxb8 7. exd5 cxd5 8. Nf3
g5 9. h3 g4 10. hxg4 Qd6 11. g5 O-O-O 12. Qd2 Bg7 13. O-O-O Bg4 14. Be2 h5 15.
gxf6 Bxf6 16. a3 e6 17. b4 Ne7 18. Nh4 Bxh4 19. Rxh4 Nf5 20. Bxg4 Nxh4 21. Bxe6+
Qxe6 22. Re1 Qf6 23. g3 Nf3 24. Qf4 Qxf4+ 25. gxf4 Nxe1 26. f5 h4 27. f6 h3 28.
f4 h2 29. f7 h1=Q 30. Kb2 Rhf8 0-1

[Event "AUTO-INT-2036"]
[Site "http://www.queenalice.com/game.php?id=939036"]
[Date "2011.5.17"]
[Round "1"]
[White "cidbrito"]
[Black "fredofm"]
[Result "0-1"]
[WhiteElo "1613"]
[BlackElo "1356"]

1. e4 e5 2. Qf3 Nf6 3. h3 Nc6 4. c3 a6 5. Bc4 b5 6. Bd5 d6 7. Bxc6+ Bd7 8. Bxa8
Qxa8 9. d3 c6 10. Ne2 c5 11. O-O d5 12. Ng3 d4 13. cxd4 cxd4 14. Bg5 h6 15. Bxf6
h5 16. Bxe5 Rh6 17. Nxh5 Be6 18. Bxg7 Rxh5 19. Qxh5 Bxg7 20. Nd2 Kd7 21. Rfc1 f6
22. Qc5 Bf8 23. Qc7+ Ke8 0-1

[Event "AUTO-BEG-484"]
[Site "http://www.queenalice.com/game.php?id=939319"]
[Date "2011.5.17"]
[Round "1"]
[White "thiagosg666"]
[Black "fredofm"]
[Result "0-1"]
[WhiteElo "1379"]
[BlackElo "1396"]

1. c3 e5 2. d4 Nc6 3. e4 f6 4. f4 exd4 5. cxd4 Nge7 6. Bb5 a6 7. a4 d5 8. exd5
Nxd5 9. Bc4 Qe7+ 10. Ne2 Bg4 11. Bxd5 Bxe2 12. Qb3 Nxd4 13. Qc3 Bg4+ 0-1

[Event "AUTO-BEG-484"]
[Site "http://www.queenalice.com/game.php?id=939320"]
[Date "2011.5.17"]
[Round "1"]
[White "fredofm"]
[Black "thiagosg666"]
[Result "1-0"]
[WhiteElo "1379"]
[BlackElo "1396"]

1. e3 c6 2. d4 b5 3. Nf3 f6 4. Nc3 d5 5. b4 e5 6. dxe5 a5 7. exf6 gxf6 8. a3
axb4 9. Ne2 c5 10. Nf4 c4 11. Nxd5 b3 12. cxb3 Qa5+ 13. b4 Qa7 14. Qd4 1-0

[Event "AUTO-BEG-484"]
[Site "http://www.queenalice.com/game.php?id=939335"]
[Date "2011.5.17"]
[Round "1"]
[White "fredofm"]
[Black "Daghdha"]
[Result "1-0"]
[WhiteElo "1293"]
[BlackElo "1254"]

1. d4 d5 2. Nc3 e6 3. Nf3 Bb4 4. Ne5 f6 5. Nf3 Nc6 6. a3 Bxc3+ 7. bxc3 Nge7 8.
e3 Qd6 9. c4 dxc4 10. Bxc4 Nd5 11. Bxd5 Qxd5 12. e4 Qxe4+ 13. Qe2 Qxe2+ 14. Kxe2
O-O 15. c4 e5 16. d5 Na5 17. Nd2 Re8 18. f3 1-0

[Event "AUTO-BEG-484"]
[Site "http://www.queenalice.com/game.php?id=939336"]
[Date "2011.5.17"]
[Round "1"]
[White "Daghdha"]
[Black "fredofm"]
[Result "0-1"]
[WhiteElo "1270"]
[BlackElo "1277"]

1. e4 d5 2. e5 Nc6 3. Bb5 f6 4. d4 a6 5. Bxc6+ bxc6 6. Nf3 f5 7. Bf4 e6 8. O-O
Ne7 9. Bg5 Qd7 10. Nh4 h6 11. Qh5+ Kd8 12. Ng6 hxg5 13. Nxh8 g4 14. Qf7 Qe8 15.
Qxe8+ Kxe8 16. h4 f4 17. h5 f3 0-1

[Event "Challenge"]
[Site "http://www.queenalice.com/game.php?id=940553"]
[Date "2011.5.20"]
[Round "-"]
[White "LOTRfanatic"]
[Black "fredofm"]
[Result "0-1"]
[WhiteElo "1153"]
[BlackElo "1326"]

1. e4 e5 2. Nf3 d6 3. d4 Bg4 4. Nc3 Nf6 5. dxe5 Bxf3 6. Qxf3 dxe5 7. Nd5 Nxd5 8.
Qb3 Nf6 9. Bg5 Nc6 10. Bc4 Nd4 11. Bxf7+ Kd7 12. Qe6+ Nxe6 13. O-O-O+ Ke7 14.
Rxd8 Nxd8 15. Bc4 Kd7 16. Rd1+ Kc8 17. f4 Nxe4 18. fxe5 Nxg5 19. Rd3 Ne4 20. Rb3
Bc5 21. Bd5 Be3+ 22. Rxe3 Nf2 23. Bf3 Ne6 24. Rb3 Nd4 25. Bxb7+ Kb8 26. Bd5+ Kc8
27. Rb7 Rd8 28. c4 Rxd5 0-1

[Event "Challenge"]
[Site "http://www.queenalice.com/game.php?id=944122"]
[Date "2011.5.30"]
[Round "-"]
[White "soudeDeus"]
[Black "fredofm"]
[Result "0-1"]
[WhiteElo "1246"]
[BlackElo "1382"]

1. g3 d5 2. Bg2 Nf6 3. b3 Bg4 4. h3 Bf5 5. Bb2 Nc6 6. Na3 Ne4 7. d3 Nxf2 8. Kxf2
e5 9. e4 d4 10. exf5 Bxa3 11. Bxa3 Qd7 0-1